Methodenlehre der Planung und Steuerung. Teil 1 : Grundlagen

Guardado en:
Detalles Bibliográficos
Formato: Libro
Lenguaje:alemán
Publicado: München : Carl Hanser Verlag, 1974
Etiquetas: Agregar Etiqueta
Sin Etiquetas, Sea el primero en etiquetar este registro!

MARC

LEADER 00000nam a22000003a 4500
001 stu39275
005 20150408180728.1
008 930118s1974----gw------------------ger-d
040 |a STU  |b slo 
041 0 |a ger 
044 |a gw 
245 |a Methodenlehre der Planung und Steuerung. Teil 1 :  |b Grundlagen 
260 |a München :  |b Carl Hanser Verlag,  |c 1974 
300 |a 406 s 
996 |b 284M012257  |c M*6166/1-1  |l MMKN  |s A  |a 24  |w stu39275_0001